000 00600nam a2200169Ia 4500
008 140925s9999 xx 000 0 und d
020 _a1942-6879
245 _aJournal of Unconventional Parks, Tourism & Recreation Research /
_h[electronic resource]
260 _bJournal of Unconventional Parks, Tourism, and Recreation Research,
_cc2009.
516 _aElectronic text
650 _aRecreation.
650 _aTourism.
830 _aJournal of Unconventional Parks, Tourism, and Recreation Research
856 _uhttp://juptrr.asp.radford.edu/Archives.htm
942 _cEJ
999 _c275754
_d275754